[Event "23rd Abu Dhabi Masters"]
[Site "Abu Dhabi UAE"]
[Date "2016.08.23"]
[Round "3.3"]
[White "Areshchenko, Alexander"]
[Black "Sengupta, Deep"]
[Result "1-0"]
[WhiteTitle "GM"]
[BlackTitle "GM"]
[WhiteElo "2665"]
[BlackElo "2571"]
[WhiteFideId "14109530"]
[BlackFideId "5008352"]
[EventDate "2016.08.21"]

1. e4 e6 2. d4 d5 3. Nc3 Nf6 4. e5 Nfd7 5. f4 c5 6. Nf3 Nc6 7. Be3 Be7 8. Qd2
O-O 9. dxc5 Nxc5 10. O-O-O a6 11. Kb1 b5 12. Bxc5 Bxc5 13. Bd3 h6 14. g4 f6 15.
Qg2 fxe5 16. fxe5 Nd4 17. Nxd4 Bxd4 18. Bh7+ Kxh7 19. Rxd4 Qh4 20. Ne4 Kh8 21.
Nd6 Bd7 22. Qd2 Rf3 23. Qa5 Qd8 24. Qe1 Qb6 25. c3 Be8 26. Qe2 Bg6+ 27. Ka1 Rff8
28. h4 Qd8 29. a3 Qe7 30. Ka2 Rad8 31. Qe3 Kg8 32. Rg1 Be4 33. g5 hxg5 34. Rxg5
Rf1 35. Nxe4 dxe4 36. Qxe4 Rxd4 37. Qxd4 Qc7 38. h5 Rh1 39. Qe4 Rh2 40. Qa8+ Kh7
41. Qe4+ Kh8 42. Qf4 Rh1 43. Rg6 Qd7 44. h6 Qd5+ 45. c4 Qxc4+ 46. Qxc4 bxc4 47.
hxg7+ Kg8 48. Rxe6 Kxg7 49. Rxa6 Kf7 50. Rc6 Rc1 51. a4 1-0

[Event "23rd Abu Dhabi Masters"]
[Site "Abu Dhabi UAE"]
[Date "2016.08.23"]
[Round "3.4"]
[White "Antipov, Mikhail Al."]
[Black "Efimenko, Zahar"]
[Result "1/2-1/2"]
[WhiteTitle "GM"]
[BlackTitle "GM"]
[WhiteElo "2565"]
[BlackElo "2661"]
[WhiteFideId "4107012"]
[BlackFideId "14107201"]
[EventDate "2016.08.21"]

1. e4 e5 2. Nf3 Nc6 3. Bb5 a6 4. Ba4 Nf6 5. d3 d6 6. c3 Be7 7. O-O O-O 8. Re1
Re8 9. Nbd2 b5 10. Bc2 Bb7 11. Nf1 Nb8 12. Ng3 g6 13. Bg5 Nbd7 14. h3 d5 15. Qd2
c5 16. exd5 Nxd5 17. Bxe7 Rxe7 18. d4 exd4 19. cxd4 c4 20. Rxe7 Qxe7 21. Re1 Qb4
22. Qc1 N5f6 23. Be4 Bxe4 24. Nxe4 Re8 25. Nxf6+ Nxf6 26. Rxe8+ Nxe8 27. Qe3 Qf8
28. d5 Nd6 29. Qb6 Ne4 30. Qd4 f5 31. Qe5 Qd6 32. Qe8+ Kg7 33. Nd4 Qxd5 34. Qe7+
Kg8 35. Qe8+ 1/2-1/2

[Event "23rd Abu Dhabi Masters"]
[Site "Abu Dhabi UAE"]
[Date "2016.08.23"]
[Round "3.5"]
[White "Amin, Bassem"]
[Black "Predke, Alexandr"]
[Result "1/2-1/2"]
[WhiteTitle "GM"]
[BlackTitle "GM"]
[WhiteElo "2654"]
[BlackElo "2553"]
[WhiteFideId "10601457"]
[BlackFideId "24107581"]
[EventDate "2016.08.21"]

1. Nf3 Nf6 2. g3 b6 3. Bg2 Bb7 4. O-O e6 5. d3 d5 6. Nbd2 Nbd7 7. e4 dxe4 8.
dxe4 Nxe4 9. Nxe4 Bxe4 10. Bg5 Be7 11. Qd4 Bxf3 12. Bxe7 Qxe7 13. Bxf3 Rd8 14.
Qxg7 Qf6 15. Qxf6 Nxf6 16. Rfd1 Ke7 17. Rxd8 Rxd8 18. Rd1 Rd6 19. Kf1 Nd7 20.
Ke1 f5 21. Rxd6 cxd6 22. Kd2 Ne5 23. Be2 Ng4 24. Bxg4 fxg4 25. Ke3 Kf6 26. Kf4
h5 27. c4 a5 28. Ke4 Kg6 29. b3 Kf6 30. a3 Kg6 31. b4 axb4 32. axb4 Kf6 33. Kf4
Kg6 34. Ke4 Kf6 1/2-1/2

[Event "23rd Abu Dhabi Masters"]
[Site "Abu Dhabi UAE"]
[Date "2016.08.23"]
[Round "3.6"]
[White "Kuzubov, Yuriy"]
[Black "Mekhitarian, Krikor Sevag"]
[Result "1/2-1/2"]
[WhiteTitle "GM"]
[BlackTitle "GM"]
[WhiteElo "2639"]
[BlackElo "2550"]
[WhiteFideId "14112906"]
[BlackFideId "2107660"]
[EventDate "2016.08.21"]

1. Nf3 d5 2. g3 Nf6 3. Bg2 g6 4. c4 c6 5. b3 Bg7 6. Bb2 O-O 7. O-O Re8 8. d4 Ne4
9. Nbd2 Bf5 10. Nh4 Nxd2 11. Qxd2 Be6 12. Rfc1 Nd7 13. cxd5 cxd5 14. Nf3 Bf5 15.
Qb4 Qb6 16. Qxb6 Nxb6 17. Rc7 Rab8 18. Rac1 Bd7 19. R7c5 Red8 20. Ne5 Be8 21. f4
e6 22. Kf2 Bf8 23. R5c3 Nc8 24. g4 Nd6 25. g5 h5 26. R3c2 Rdc8 27. Rxc8 Rxc8 28.
Rxc8 Nxc8 29. e4 Nb6 30. f5 Bd6 31. fxg6 fxg6 32. Bh3 Bf7 33. Ke3 dxe4 34. Kxe4
Nd5 35. Bf1 Be8 36. h3 Kf8 37. Bd3 Ke7 38. Kf3 Bxe5 39. dxe5 Kf7 40. Bd4 a6 41.
Bc5 Bc6 42. Be4 Nc3 43. Bxc6 bxc6 44. a3 Ke8 45. Ke3 Kd7 46. Kd3 Nd5 47. Kc4 Kc7
48. Bf2 Nf4 49. Be3 Nd5 50. Bf2 Nf4 51. Be3 Nd5 52. Bf2 Nf4 53. Be3 1/2-1/2

[Event "23rd Abu Dhabi Masters"]
[Site "Abu Dhabi UAE"]
[Date "2016.08.23"]
[Round "3.7"]
[White "Salem, A.R. Saleh"]
[Black "Ly, Moulthun"]
[Result "1/2-1/2"]
[WhiteTitle "GM"]
[BlackTitle "IM"]
[WhiteElo "2617"]
[BlackElo "2501"]
[WhiteFideId "9301348"]
[BlackFideId "3204405"]
[EventDate "2016.08.21"]

1. e4 e5 2. Nf3 Nc6 3. Bb5 Nf6 4. d3 Bc5 5. c3 O-O 6. O-O Re8 7. Bg5 h6 8. Bh4
a6 9. Ba4 Be7 10. Nbd2 b5 11. Bb3 d6 12. d4 Bd7 13. Re1 Nh7 14. Bg3 Bf6 15. dxe5
Nxe5 16. Nxe5 dxe5 17. Qh5 Be6 18. Nf1 g6 19. Qe2 c6 20. f3 Qc7 21. Bf2 Nf8 22.
Be3 h5 23. Qf2 a5 24. Bxe6 Nxe6 25. a4 Rab8 26. Ra2 Red8 27. axb5 cxb5 28. g3
Be7 29. Qe2 Nc5 30. Raa1 1/2-1/2

[Event "23rd Abu Dhabi Masters"]
[Site "Abu Dhabi UAE"]
[Date "2016.08.23"]
[Round "3.8"]
[White "Sadzikowski, Daniel"]
[Black "Banusz, Tamas"]
[Result "1-0"]
[WhiteTitle "IM"]
[BlackTitle "GM"]
[WhiteElo "2551"]
[BlackElo "2616"]
[WhiteFideId "1132253"]
[BlackFideId "722413"]
[EventDate "2016.08.21"]

1. e4 e5 2. Nf3 Nc6 3. Bb5 a6 4. Ba4 Nf6 5. O-O Be7 6. d3 b5 7. Bb3 d6 8. a3 Na5
9. Ba2 c5 10. Nc3 Be6 11. Nh4 O-O 12. Nf5 Rc8 13. g4 Nc6 14. f4 exf4 15. Bxf4
Ne8 16. Nd5 Bg5 17. Bxg5 Qxg5 18. Nde7+ Nxe7 19. h4 Nxf5 20. hxg5 Ne3 21. Qe2
Nxf1 22. Bxe6 fxe6 23. Rxf1 Nc7 24. Rxf8+ Rxf8 25. e5 d5 26. c3 d4 27. c4 bxc4
28. dxc4 Rd8 29. Qd3 a5 30. Kf1 a4 31. Qe4 d3 32. Ke1 1-0

[Event "23rd Abu Dhabi Masters"]
[Site "Abu Dhabi UAE"]
[Date "2016.08.23"]
[Round "3.9"]
[White "Vishnu Prasanna, V"]
[Black "Dragun, Kamil"]
[Result "1/2-1/2"]
[WhiteTitle "GM"]
[BlackTitle "GM"]
[WhiteElo "2512"]
[BlackElo "2609"]
[WhiteFideId "5030692"]
[BlackFideId "1134167"]
[EventDate "2016.08.21"]

1. c4 e6 2. g3 d5 3. d4 Nf6 4. Bg2 dxc4 5. Qa4+ Nc6 6. Nf3 Bb4+ 7. Bd2 Bd6 8.
O-O O-O 9. Qxc4 e5 10. dxe5 Nxe5 11. Nxe5 Bxe5 12. Bc3 Qe7 13. Bb4 Qe6 14. Qc2
Re8 15. Nd2 c6 16. e4 b6 17. Nf3 c5 18. Nxe5 cxb4 19. Nd3 Ba6 20. Nf4 Qe5 21.
Rfe1 g5 22. Nh3 Bb7 1/2-1/2

[Event "23rd Abu Dhabi Masters"]
[Site "Abu Dhabi UAE"]
[Date "2016.08.23"]
[Round "3.12"]
[White "Ziska, Helgi Dam"]
[Black "Melkumyan, Hrant"]
[Result "1/2-1/2"]
[WhiteTitle "IM"]
[BlackTitle "GM"]
[WhiteElo "2546"]
[BlackElo "2650"]
[WhiteFideId "7200595"]
[BlackFideId "13302485"]
[EventDate "2016.08.21"]

1. Nf3 Nf6 2. g3 c5 3. Bg2 Nc6 4. O-O g6 5. d3 Bg7 6. e4 O-O 7. Nc3 d6 8. h3 Ne8
9. Be3 Nd4 10. a4 Nc7 11. Kh2 Rb8 12. Qd2 Bd7 13. Bh6 Bxh6 14. Qxh6 Nce6 15. Ne1
Ng7 16. Nd5 e6 17. Ne3 f5 18. c3 Nc6 19. Nf3 Qe7 20. Ng5 Ne8 21. Nc4 Qg7 22.
Qxg7+ Kxg7 23. f4 h6 24. Nf3 b6 25. Rfe1 Kf7 26. g4 fxg4 27. hxg4 Kg7 28. Kg3
Na5 29. Ne3 Nc6 30. Nc4 Na5 31. Ne3 Nc6 32. Nc4 1/2-1/2

[Event "23rd Abu Dhabi Masters"]
[Site "Abu Dhabi UAE"]
[Date "2016.08.23"]
[Round "3.13"]
[White "Golubov, Saveliy"]
[Black "Gupta, Abhijeet"]
[Result "0-1"]
[WhiteTitle "IM"]
[BlackTitle "GM"]
[WhiteElo "2481"]
[BlackElo "2637"]
[WhiteFideId "24176729"]
[BlackFideId "5010608"]
[EventDate "2016.08.21"]

1. d4 Nf6 2. Nf3 g6 3. g3 Bg7 4. Bg2 O-O 5. O-O d6 6. c4 Nbd7 7. Nc3 e5 8. d5 a5
9. e4 Nc5 10. Qc2 Nh5 11. Be3 f5 12. exf5 Bxf5 13. Qd2 b6 14. Ng5 Nf6 15. Bxc5
bxc5 16. Bh3 Bxh3 17. Nxh3 Qd7 18. Kg2 Qg4 19. f4 Nh5 20. Rae1 exf4 21. Nxf4 Bh6
22. Nce2 Rae8 23. Qxa5 Bxf4 24. Nxf4 Rxe1 0-1

[Event "23rd Abu Dhabi Masters"]
[Site "Abu Dhabi UAE"]
[Date "2016.08.23"]
[Round "3.14"]
[White "Iturrizaga Bonelli, Eduardo"]
[Black "Narayanan, Srinath"]
[Result "1-0"]
[WhiteTitle "GM"]
[BlackTitle "IM"]
[WhiteElo "2626"]
[BlackElo "2477"]
[WhiteFideId "3901211"]
[BlackFideId "5018420"]
[EventDate "2016.08.21"]

1. Nf3 c5 2. c4 Nc6 3. d4 cxd4 4. Nxd4 Nf6 5. g3 e6 6. Bg2 Bb4+ 7. Nc3 O-O 8.
O-O d5 9. cxd5 Bxc3 10. bxc3 Nxd5 11. Nxc6 bxc6 12. Ba3 Re8 13. c4 Qa5 14. cxd5
Qxa3 15. dxc6 Ba6 16. Qc2 Rac8 17. Rab1 Rc7 18. Rfd1 Rec8 19. Rd4 1-0

[Event "23rd Abu Dhabi Masters"]
[Site "Abu Dhabi UAE"]
[Date "2016.08.23"]
[Round "3.16"]
[White "Igonin, Temur"]
[Black "Oparin, Grigoriy"]
[Result "1/2-1/2"]
[WhiteTitle "IM"]
[BlackTitle "GM"]
[WhiteElo "2466"]
[BlackElo "2617"]
[WhiteFideId "14203049"]
[BlackFideId "24125890"]
[EventDate "2016.08.21"]

1. e4 c5 2. Nf3 Nc6 3. d4 cxd4 4. Nxd4 Nf6 5. Nc3 e5 6. Ndb5 d6 7. Bg5 a6 8. Na3
b5 9. Nd5 Be7 10. Bxf6 Bxf6 11. c4 b4 12. Nc2 a5 13. g3 O-O 14. Bg2 Bg5 15. O-O
Be6 16. Qd3 Qb8 17. b3 Bd8 18. a3 bxa3 19. Rxa3 Ra7 20. Nc3 Bb6 21. Nb5 Rb7 22.
Raa1 Bc5 23. Kh1 Bd7 24. Rfd1 Na7 25. Nxd6 Rxb3 26. Qd5 Bxf2 27. Rxa5 Be6 28.
Qd2 Rb1 29. Ra1 Rxa1 30. Rxa1 Bc5 31. Nf5 Qd8 32. Qxd8 Rxd8 33. Nfe3 Rd2 34. Ra5
Bb6 35. Rxe5 g6 36. c5 Bc7 37. Rd5 Bxd5 38. exd5 Nb5 39. d6 Ba5 40. h4 Kf8 41.
d7 Rxd7 42. Bc6 Rc7 43. Bxb5 Rxc5 1/2-1/2

[Event "23rd Abu Dhabi Masters"]
[Site "Abu Dhabi UAE"]
[Date "2016.08.23"]
[Round "3.17"]
[White "Ter-Sahakyan, Samvel"]
[Black "Sarkar, Justin"]
[Result "1/2-1/2"]
[WhiteTitle "GM"]
[BlackTitle "IM"]
[WhiteElo "2613"]
[BlackElo "2434"]
[WhiteFideId "13302531"]
[BlackFideId "2010011"]
[EventDate "2016.08.21"]

1. e4 e5 2. Nf3 Nc6 3. Bb5 a6 4. Ba4 Nf6 5. O-O Nxe4 6. d4 b5 7. Bb3 d5 8. dxe5
Be6 9. Qe2 Be7 10. Rd1 O-O 11. c4 bxc4 12. Bxc4 Bc5 13. Be3 Bxe3 14. Qxe3 Qb8
15. Bb3 Qa7 16. Qxa7 Nxa7 17. Nbd2 Nc5 18. Rac1 Nd3 19. Rxc7 Nxb2 20. Re1 Nb5
21. Rc2 Nd3 22. Ra1 Nb4 23. Rc5 Nd3 24. Rc6 Rfc8 25. Rb6 Rcb8 26. Rxb8+ 1/2-1/2

[Event "23rd Abu Dhabi Masters"]
[Site "Abu Dhabi UAE"]
[Date "2016.08.23"]
[Round "3.18"]
[White "Fawzy, Adham"]
[Black "Oleksiyenko, Mykhaylo"]
[Result "0-1"]
[WhiteTitle "IM"]
[BlackTitle "GM"]
[WhiteElo "2440"]
[BlackElo "2610"]
[WhiteFideId "10613129"]
[BlackFideId "4152417"]
[EventDate "2016.08.21"]

1. d4 Nf6 2. c4 e6 3. Nf3 b6 4. Bg5 Bb7 5. Nbd2 h6 6. Bxf6 Qxf6 7. e3 g6 8. Be2
Bg7 9. O-O O-O 10. Ne5 c5 11. Bf3 d5 12. cxd5 exd5 13. Ndc4 Qe7 14. Na3 Bxe5 15.
dxe5 Qxe5 16. Qb3 Nd7 17. Nb5 Nf6 18. Rfd1 Rfd8 19. Rd2 Ne4 20. Bxe4 Qxe4 21.
Rad1 Qe5 22. Nc3 d4 23. Qa4 Re8 24. Ne2 Qe4 25. f3 Qxe3+ 26. Kh1 Bxf3 0-1

[Event "23rd Abu Dhabi Masters"]
[Site "Abu Dhabi UAE"]
[Date "2016.08.23"]
[Round "3.19"]
[White "Prohaszka, Peter2"]
[Black "Ameir, Moheb"]
[Result "1-0"]
[WhiteTitle "GM"]
[BlackTitle "IM"]
[WhiteElo "2604"]
[BlackElo "2431"]
[WhiteFideId "726265"]
[BlackFideId "10600620"]
[EventDate "2016.08.21"]

1. d4 Nf6 2. c4 e6 3. g3 c5 4. Nf3 cxd4 5. Nxd4 d5 6. Bg2 e5 7. Nf3 d4 8. O-O
Nc6 9. e3 Be7 10. exd4 exd4 11. Bf4 Be6 12. Ne5 Rc8 13. Nxc6 bxc6 14. Be5 c5 15.
Bb7 O-O 16. Bxc8 Qxc8 17. Bxf6 Bxf6 18. Nd2 Bg4 19. f3 Bh3 20. Ne4 Bxf1 21. Qxf1
Bd8 22. Qe1 f5 23. Nd6 Qd7 24. Qe5 Rf6 25. Qd5+ Kf8 26. Nb7 Qxd5 27. cxd5 Bb6
28. Rc1 d3 29. Kf1 g6 30. Ke1 Rf7 31. Nxc5 Bxc5 32. Rxc5 Re7+ 33. Kd2 Re2+ 34.
Kxd3 Rxb2 35. Rc2 Rb4 36. Rc7 Ra4 37. Rxh7 Rxa2 38. Kd4 Kg8 39. Rb7 Rxh2 40.
Rxa7 Kf8 41. Ke5 Ke8 42. Rg7 Re2+ 43. Kf4 Rd2 44. Rxg6 1-0

[Event "23rd Abu Dhabi Masters"]
[Site "Abu Dhabi UAE"]
[Date "2016.08.23"]
[Round "3.20"]
[White "Shyaamnikhil, P"]
[Black "Adly, Ahmed"]
[Result "0-1"]
[WhiteTitle "IM"]
[BlackTitle "GM"]
[WhiteElo "2421"]
[BlackElo "2603"]
[WhiteFideId "5024218"]
[BlackFideId "10601619"]
[EventDate "2016.08.21"]

1. e4 c5 2. Nf3 d6 3. d4 cxd4 4. Nxd4 Nf6 5. Nc3 a6 6. h3 e5 7. Nde2 h5 8. g3 b5
9. Nd5 Nxd5 10. Qxd5 Ra7 11. Bg2 Rc7 12. Qd1 Be6 13. Bd2 Qc8 14. Nc3 Nd7 15. O-O
Nf6 16. Kh2 Be7 17. a3 Rc4 18. Qe1 Bd8 19. Rd1 Bb6 20. Be3 Qc7 21. Bxb6 Qxb6 22.
Qd2 Rd4 23. Qg5 Rxd1 24. Nxd1 O-O 25. c3 Rc8 26. Ne3 a5 27. Rc1 b4 28. axb4 axb4
29. Nd1 bxc3 30. Rxc3 Rxc3 31. bxc3 Qb1 32. Ne3 Qc1 33. Bf3 Qxc3 34. Nf5 Bxf5
35. Qxf5 Qc2 36. Kg2 d5 37. Qxe5 dxe4 38. Bxh5 Nxh5 39. Qxh5 e3 40. Qf3 e2 41.
Qe3 Qd1 0-1

[Event "23rd Abu Dhabi Masters"]
[Site "Abu Dhabi UAE"]
[Date "2016.08.23"]
[Round "3.21"]
[White "Savchenko, Boris"]
[Black "Mohammad, Nubairshah Shaikh"]
[Result "1-0"]
[WhiteTitle "GM"]
[WhiteElo "2602"]
[BlackElo "2415"]
[WhiteFideId "4147332"]
[BlackFideId "5053196"]
[EventDate "2016.08.21"]

1. e4 c5 2. Nf3 e6 3. c3 Nf6 4. e5 Nd5 5. d4 cxd4 6. cxd4 d6 7. Bc4 Nc6 8. O-O
Be7 9. Qe2 O-O 10. Re1 dxe5 11. dxe5 b6 12. Rd1 Bb7 13. b3 Na5 14. Bxd5 Bxd5 15.
Nc3 Bxf3 16. Qxf3 Qc7 17. Bf4 Qc6 18. Ne4 Rfd8 19. h4 Rac8 20. Bg5 Bxg5 21. hxg5
Rd5 22. Qf4 Nb7 23. b4 a5 24. a3 Qd7 25. Qg4 Rc4 26. Rdc1 Rcd4 27. Qf4 a4 28.
Rc3 Rd1+ 29. Kh2 Rxa1 30. Nf6+ gxf6 31. gxf6 Kf8 32. Qg4 Rh1+ 33. Kxh1 Rd1+ 34.
Kh2 Qd4 35. Qg7+ Ke8 36. Qg8+ 1-0

[Event "23rd Abu Dhabi Masters"]
[Site "Abu Dhabi UAE"]
[Date "2016.08.23"]
[Round "3.22"]
[White "Bortnyk, Olexandr"]
[Black "Pascua, Haridas"]
[Result "1-0"]
[WhiteTitle "GM"]
[BlackTitle "IM"]
[WhiteElo "2588"]
[BlackElo "2404"]
[WhiteFideId "14120828"]
[BlackFideId "5203953"]
[EventDate "2016.08.21"]

1. e4 c5 2. Nf3 d6 3. Bb5+ Bd7 4. Bxd7+ Nxd7 5. c4 Ngf6 6. Nc3 g6 7. d4 cxd4 8.
Nxd4 Rc8 9. b3 a6 10. a4 Bg7 11. O-O O-O 12. Be3 Qa5 13. Rc1 Nc5 14. f3 Rfd8 15.
Nde2 e6 16. Rb1 Qc7 17. Qd2 Ncd7 18. Rfd1 Ne5 19. Qe1 h6 20. Qh4 g5 21. Qf2 Qe7
22. Rd2 Nfd7 23. Nd4 Nc6 24. Nxc6 bxc6 25. Ne2 Nf6 26. Bb6 Rd7 27. Rbd1 c5 28.
Rd3 Rc6 29. a5 Ne8 30. Kh1 Rb7 31. f4 gxf4 32. Nxf4 Kh7 33. Rf3 Nf6 34. e5 Nd7
35. Nd5 exd5 36. Rxf7 1-0

[Event "23rd Abu Dhabi Masters"]
[Site "Abu Dhabi UAE"]
[Date "2016.08.23"]
[Round "3.23"]
[White "Dimarucut, Francis Erwin"]
[Black "Azarov, Sergei"]
[Result "0-1"]
[BlackTitle "GM"]
[WhiteElo "2172"]
[BlackElo "2581"]
[WhiteFideId "5209277"]
[BlackFideId "13501470"]
[EventDate "2016.08.21"]

1. d4 d5 2. Nf3 Nf6 3. Bf4 e6 4. e3 c5 5. c3 Nc6 6. Nbd2 Bd6 7. Bg3 O-O 8. Bb5
cxd4 9. exd4 Ne7 10. Bd3 b6 11. O-O Bb7 12. Bxd6 Qxd6 13. Ne5 Ne4 14. f3 Nxd2
15. Qxd2 f6 16. Ng4 e5 17. dxe5 fxe5 18. Qg5 Nc6 19. Rfe1 Rae8 20. Rad1 Kh8 21.
Kh1 h6 22. Qh5 Bc8 23. Ne3 Ne7 24. Bc2 Qe6 25. Bb3 Rd8 26. h3 Nf5 27. Nxf5 Rxf5
28. Qh4 Qg8 29. Bc2 Rg5 30. f4 exf4 31. Qxf4 Rf8 32. Qe3 Bf5 33. Bb3 Be4 34.
Qxe4 dxe4 35. Bxg8 Kxg8 36. Rxe4 Rf2 37. g4 Kh7 38. Rd8 Rxb2 39. h4 Rgb5 40. h5
Rxa2 41. Re1 Rc2 42. Rd7 0-1

[Event "23rd Abu Dhabi Masters"]
[Site "Abu Dhabi UAE"]
[Date "2016.08.23"]
[Round "3.24"]
[White "Eggleston, David J"]
[Black "Andriasian, Zaven"]
[Result "0-1"]
[WhiteTitle "IM"]
[BlackTitle "GM"]
[WhiteElo "2384"]
[BlackElo "2621"]
[WhiteFideId "412120"]
[BlackFideId "13302000"]
[EventDate "2016.08.21"]

1. e4 d6 2. d4 Nf6 3. Nc3 g6 4. Be3 c6 5. Qd2 b5 6. Bd3 Bg7 7. Nf3 Bg4 8. h3
Bxf3 9. gxf3 Nbd7 10. f4 b4 11. Ne2 Rb8 12. c4 bxc3 13. Nxc3 O-O 14. O-O-O Qa5
15. Rhg1 c5 16. f5 cxd4 17. Bxd4 Rb4 18. Ne2 Nc5 19. fxg6 hxg6 20. f3 Nxd3+ 21.
Qxd3 Qxa2 22. Rd2 Qa1+ 23. Qb1 Rc8+ 24. Bc3 Qa4 25. Rc2 Rbb8 26. Bd2 Nxe4 27.
fxe4 Rxc2+ 28. Qxc2 Qa1+ 29. Qb1 Bxb2+ 30. Kc2 Qa4+ 31. Kd3 Rb3+ 32. Nc3 Bxc3
33. Bxc3 Qb5+ 34. Kc2 Rxb1 35. Rxb1 Qe2+ 36. Kc1 Qe3+ 37. Kb2 Qxe4 0-1

[Event "23rd Abu Dhabi Masters"]
[Site "Abu Dhabi UAE"]
[Date "2016.08.23"]
[Round "3.25"]
[White "Laxman, R.R."]
[Black "Gopal, G.N."]
[Result "1-0"]
[WhiteTitle "GM"]
[BlackTitle "GM"]
[WhiteElo "2374"]
[BlackElo "2565"]
[WhiteFideId "5005361"]
[BlackFideId "5015693"]
[EventDate "2016.08.21"]

1. d4 Nf6 2. Nf3 g6 3. Bg5 Bg7 4. Nbd2 O-O 5. c3 d6 6. e3 Qe8 7. Bd3 e5 8. Qc2
Nbd7 9. O-O h6 10. Bh4 Nh5 11. dxe5 dxe5 12. Bc4 a5 13. Qxg6 Nhf6 14. Qg3 Kh8
15. Bxf6 Bxf6 16. Qh3 Bg7 17. Bd3 Nc5 18. Bf5 Bxf5 19. Qxf5 Qe6 20. Qxe6 Nxe6
21. Nc4 e4 22. Nd4 Nc5 23. f3 a4 24. fxe4 Nxe4 25. Rf4 Rae8 26. Raf1 Kg8 27. Nf5
Kh7 28. Rd1 b5 29. Nxg7 Kxg7 30. Na3 Nd6 31. Kf2 Re5 32. Rd3 Rfe8 33. Ke2 f5 34.
g3 Kg6 35. c4 b4 36. Nc2 Rb8 37. Nd4 Rb6 38. Nf3 Rc5 39. Nd2 Rb8 40. Rfd4 Re8
41. Rd5 Re5 42. Rxc5 Rxc5 43. Rd4 Kf6 44. Rh4 Kg7 45. Kd3 Re5 46. Kd4 Nf7 47. c5
Re8 48. Kc4 a3 49. bxa3 bxa3 50. e4 Ne5+ 51. Kd4 Nc6+ 52. Kc3 Re5 53. exf5 Rxf5
54. Rf4 Rd5 55. Nb3 Rh5 56. Rf2 Re5 57. Kc4 Re3 58. Nd4 Nxd4 59. Kxd4 Re1 60.
Kd5 Rb1 61. Rf3 Rb2 62. Rxa3 Rxh2 63. Kc6 Rc2 64. Ra5 Rc3 65. Kxc7 Rxg3 66. c6
Rg2 67. Kb6 Rb2+ 68. Rb5 Rxa2 69. c7 Ra8 70. Kb7 Re8 71. c8=Q Rxc8 72. Kxc8 Kg6
73. Kd7 h5 74. Ke6 h4 75. Ra5 1-0

[Event "23rd Abu Dhabi Masters"]
[Site "Abu Dhabi UAE"]
[Date "2016.08.23"]
[Round "3.26"]
[White "Vaibhav, Suri"]
[Black "Tania, Sachdev"]
[Result "1/2-1/2"]
[WhiteTitle "GM"]
[BlackTitle "IM"]
[WhiteElo "2556"]
[BlackElo "2396"]
[WhiteFideId "5045185"]
[BlackFideId "5007844"]
[EventDate "2016.08.21"]

1. e4 e5 2. Nf3 Nc6 3. Bb5 a6 4. Ba4 Nf6 5. O-O Be7 6. Re1 b5 7. Bb3 O-O 8. d3
Bb7 9. Nbd2 d6 10. a3 Bc8 11. Nf1 Be6 12. Bxe6 fxe6 13. Bd2 Qd7 14. h3 Rae8 15.
c3 Bd8 16. a4 Nh5 17. axb5 axb5 18. N1h2 Be7 19. d4 exd4 20. cxd4 Nf4 21. Qb3
Rb8 22. Rac1 Nd8 23. g3 Ng6 24. h4 h6 25. Qc2 c6 26. Kg2 Qe8 27. e5 dxe5 28. h5
Nh8 29. Nxe5 Qxh5 30. Ba5 Bf6 31. Bb4 Bxe5 32. Bxf8 Bxd4 33. Be7 Nhf7 34. Nf3
Qd5 35. Re4 e5 36. Bxd8 Rxd8 37. Nxd4 exd4 38. Qxc6 Qxc6 39. Rxc6 Rd5 40. Re8+
Kh7 41. Rc1 Ne5 42. f4 Nc4 43. b3 Nd2 44. Re5 Rxe5 45. fxe5 Kg6 46. Rd1 Nxb3 47.
Rd3 Na5 48. Rxd4 Nc4 49. Rg4+ Kf7 50. e6+ Kxe6 51. Rxg7 Kd5 52. Kf3 b4 53. Rb7
Kc5 54. g4 Ne5+ 55. Kf4 Nd3+ 56. Kf5 Kc4 57. Rc7+ Kd4 58. Rh7 b3 59. Rxh6 b2 60.
Rb6 Kc3 61. Rxb2 Kxb2 62. g5 Nb4 63. Ke5 Nd3+ 64. Ke4 Nb4 65. Ke5 Nd3+ 66. Kf5
Nb4 67. Ke6 Nd3 68. Kf5 1/2-1/2

[Event "23rd Abu Dhabi Masters"]
[Site "Abu Dhabi UAE"]
[Date "2016.08.23"]
[Round "3.27"]
[White "Rajesh, V A V"]
[Black "Troff, Kayden W"]
[Result "1/2-1/2"]
[WhiteTitle "IM"]
[BlackTitle "GM"]
[WhiteElo "2346"]
[BlackElo "2522"]
[WhiteFideId "5029317"]
[BlackFideId "2047896"]
[EventDate "2016.08.21"]

1. d4 Nf6 2. c4 g6 3. Nc3 d5 4. Bf4 Bg7 5. e3 O-O 6. Rc1 dxc4 7. Bxc4 Nbd7 8.
Nf3 Nh5 9. Bg5 h6 10. Bh4 g5 11. Bg3 Nxg3 12. hxg3 c5 13. Qc2 e6 14. Rd1 g4 15.
Nh2 cxd4 16. exd4 Nb6 17. Bb3 f5 18. Nf1 Bd7 19. Ne3 Kh8 20. Ne2 Rc8 21. Qd2 Ba4
22. Nf4 Bxb3 23. axb3 Qe8 24. Qa5 Ra8 25. O-O Qf7 26. Rfe1 Rfe8 27. Nc2 Nd5 28.
Nxd5 exd5 29. Rxe8+ Rxe8 30. Ne3 f4 31. gxf4 g3 32. Qxd5 Qxf4 33. Qf3 gxf2+ 34.
Kxf2 Qh4+ 35. g3 Qh2+ 36. Qg2 Qh5 37. Rd3 Qb5 38. Nc4 Qf5+ 39. Qf3 Qh3 40. Ne5
Qh2+ 41. Qg2 Qh5 42. Qe4 Qh2+ 43. Qg2 Qh5 44. Qe4 Bxe5 45. dxe5 Qh2+ 46. Qg2
Qxg2+ 47. Kxg2 Rxe5 48. Rd8+ Kg7 49. Rd7+ Kg6 50. Rxb7 Re2+ 51. Kh3 Rxb2 1/2-1/2

[Event "23rd Abu Dhabi Masters"]
[Site "Abu Dhabi UAE"]
[Date "2016.08.23"]
[Round "3.28"]
[White "Swapnil, S. Dhopade"]
[Black "Raetsky, Alexander"]
[Result "1-0"]
[WhiteTitle "GM"]
[BlackTitle "GM"]
[WhiteElo "2500"]
[BlackElo "2384"]
[WhiteFideId "5019184"]
[BlackFideId "4103203"]
[EventDate "2016.08.21"]

1. d4 d5 2. Nf3 Nf6 3. c4 dxc4 4. e3 Bg4 5. Bxc4 e6 6. Qb3 Bxf3 7. gxf3 Nbd7 8.
Nc3 Rb8 9. a4 Be7 10. O-O O-O 11. Rd1 c5 12. d5 exd5 13. Nxd5 Nxd5 14. Bxd5 Qc7
15. f4 Nb6 16. Bf3 Rfd8 17. Bd2 c4 18. Qc2 Nd5 19. Rac1 Rbc8 20. Bg4 Rb8 21.
Qxc4 Qxc4 22. Rxc4 Nb6 23. Re4 Bf6 24. a5 Nd5 25. b4 b5 26. axb6 axb6 27. Rc4 b5
28. Rc2 g6 29. Bf3 Be7 30. Rb1 Kf8 31. Be1 Rb6 32. Rc5 Bxc5 33. bxc5 Rbb8 34.
Ba5 Rd7 35. c6 Ra7 36. Bd2 Ne7 37. Bb4 Ke8 38. Bc5 Ra6 39. c7 Rc8 40. Bxe7 Kxe7
41. Bb7 Raa8 42. Bxa8 Rxa8 43. Rxb5 Kd6 44. Rb8 Ra1+ 45. Kg2 Kxc7 46. Rf8 f5 47.
Rf7+ Kd6 48. Rxh7 Ke6 49. h4 Kf6 50. h5 gxh5 51. Rxh5 Kg6 52. Rg5+ Kf6 53. Rg8
Rb1 54. Ra8 Rb6 55. Kg3 Kg6 56. Kh4 Rc6 57. Rg8+ Kf7 58. Rb8 Kg6 59. Rb5 Ra6 60.
f3 Rf6 61. Kg3 Kh5 62. e4 Kg6 63. Rd5 Rf8 64. Rd6+ Kh5 65. e5 Rg8+ 66. Kf2 Rf8
67. Rf6 Rxf6 68. exf6 Kg6 69. Ke3 Kxf6 70. Kd4 Ke6 1-0